000 00475nam a2200181Ia 4500
003 GCL
008 140319s9999 xx 000 0 eng d
040 _aGCL /
_cGCL
082 0 4 _aCC
_b932
_bV A
100 1 _aVERCOUTTER, JEAN
245 1 0 _aA LA RECHERCHE DE L'EGYPTE OUBLIEE /
_cVERCOUTTER, JEAN
260 _a[S.N] :
_bDECOUVERTES GALLIMARD HISTOIRE ،
_c1986
300 _a224 P
650 0 4 _aEGYPT
650 0 4 _aANCIENT EGYPT
650 0 4 _aHISTORY
942 _2ddc
_cBK
999 _c25640
_d25640